MDQL
is popping MORE tags! Check the
thread
!
Quizzes
Events
Quiz Creation
Community
Videos
Private Events
Remove Ads
Sign In
Join for FREE
Feedback
Dark Mode
Quiz Categories
Sports
Geography
Music
Movies
Television
Just For Fun
Miscellaneous
History
Literature
Language
Science
Gaming
Entertainment
Religion
Holiday
For Kids
Quiz Lab
Recent
Popular Today
Quiz Kudos Today
Editor Picks
Curator Picks
Quizzes by...
Day
Popularity
Type
Ratings
Length
Year
Community
Subscriptions
Recent Discussions
Orange Saloon
Badges
Playlists
Quests
Create
Leaderboards
Showdown
Live 5
Trivia Bingo
Activity
Puzzle Library
Sporcle Events
Private Events
Virtual Trivia
Globe League
Become a Host
Pub Owners
SporcleCon
Opinionation
Our Games
Videos
Blog
Mobile Apps
Partnerships
Remove Ads and Go Orange
Feedback
Movies
Disney
Marvel Cinematic Universe
Movie Resume
Movie Titles
Oscar
Actor
Actress
Director
Pixar
Role
Movie Quotes
Movie Characters
Box Office
Nominee
Best Picture
Star Wars
James Bond
Horror Movies
Movies
Disney
Marvel Cinematic Universe
Movie Resume
Movie Titles
Oscar
Actor
Actress
Director
Pixar
Role
Movie Quotes
Movie Characters
Box Office
Nominee
Best Picture
Star Wars
James Bond
Horror Movies
Random Quiz
Search Sporcle
×
Quiz Lab
Quiz Lab
Movies
Movie Resume
Type in answers that appear in a list
Type in answers that appear in a list
Classic
Best Score? Go Orange.
Kevin Corrigan Movies Stats
Can you name the Kevin Corrigan Movies?
By
BmanOfTraz
20m
66 Questions
15 Plays
15 Plays
15 Plays
Comments
Comments
Give Quiz Kudos
Give Quiz Kudos
-
- Ratings
hide this ad
More Info
Replay
Link that replays current quiz
Next Quiz
Link to next quiz in quiz playlist
You Got
0%
They Got
Avg Score
7%
Avg Friend Score
Upgrade to see
Score Distribution
Jump to the score distribution portion of the page
Score
0/66
Timer
20:00
0
Plays Today
Year
Movie Name
% Correct
2006
The Departed
80%
2008
Pineapple Express
73.3%
1990
Goodfellas
53.3%
2007
Superbad
46.7%
1993
True Romance
26.7%
1995
Living in Oblivion
26.7%
1998
Buffalo '66
26.7%
1996
The Pallbearer
20%
1996
Trees Lounge
20%
2009
Big Fan
20%
1998
Slums of Beverly Hills
13.3%
2008
Nick and Norah's Infinite Playlist
13.3%
1990
The Exorcist III
6.7%
1990
Men Don't Leave
6.7%
1992
Zebrahead
6.7%
1996
Bandwagon
6.7%
1996
Walking and Talking
6.7%
1998
Lulu on the Bridge
6.7%
2001
Scotland, Pa.
6.7%
2001
Chelsea Walls
6.7%
2008
Definitely, Maybe
6.7%
1989
Lost Angels
0%
1991
One Good Cop
0%
1991
Billy Bathgate
0%
1992
Jumpin' at the Boneyard
0%
1993
The Saint of Fort Washington
0%
1993
Family Remains
0%
1994
American Standoff
0%
1994
The Last Good Time
0%
1994
Rhythm Thief
0%
1995
Bad Boys
0%
1995
Kiss of Death
0%
1995
Drunks
0%
Year
Movie Name
% Correct
1996
Illtown
0%
1997
Kicked in the Head
0%
1997
Henry Fool
0%
1998
Brown's Requiem
0%
1999
Roberta
0%
1999
Coming Soon
0%
1999
Love Bites
0%
1999
Detroit Rock City
0%
2000
Steal This Movie
0%
2000
Broke Even
0%
2000
Chain of Fools
0%
2001
See Jane Run
0%
2001
American Saint
0%
2003
When Zachary Beaver Came to Town
0%
2005
Lonesome Jim
0%
2005
Sexual Life
0%
2005
Break a Leg
0%
2005
The Honeymooners
0%
2006
Champions
0%
2006
The Dog Problem
0%
2006
The Last Winter
0%
2006
Delirious
0%
2006
Feel
0%
2007
On the Road with Judas
0%
2007
Goodbye Baby
0%
2007
American Gangster
0%
2008
RSO [Registered Sex Offender], registered sex offender, rso
0%
2008
The Toe Tactic
0%
2009
2B
0%
2009
The Mother of Invention
0%
2009
Harmony and Me
0%
2009
Today's Special
0%
2009
The New Tenants
0%
Quiz Playlist
Details
Report
Send in Message
Add To Playlist
More Info:
Does NOT include TV movies.
Classic:
Type in answers that appear in a list
Quiz Source
Last Updated: Feb 16, 2017
Quiz Scoreboard
CHALLENGE
Sign Up to Join the Scoreboard
Show All
Scores
Hide
Comments
May contain spoilers
Recently Published
Two Season TV Shows II
by 123Four
Television
10m
Image Sorting: Flags VI
by Barbecue
Geography
2m
Find the 'City' Movie
by crazypaving
Movies
60s
More to Explore
Quiz From the Vault
Featured Blog Post
14 Easter Pick-up Lines to Find Eggs With
hide this ad
You Might Also Like...
Tags
Movie Resume Quiz
Character
Kevin
Today's Top Quizzes in Movies
Browse Movies
hide this ad
Today's Top Quizzes in Movie Resume
Browse Movie Resume
Top Contributed Quizzes in Movies
1
The ultimate James Bond movie quiz
2
Find The 'Big' Movie
3
Find The 'Wild' Movie
4
Find The 'Blue' Movie
5
Movies By Plot
6
Hidden Star Wars Character II
7
Hidden Star Wars Character III
8
25 Best Actor Nominees (1990s)
9
Hidden Star Wars Character IV
10
Pick 5 Posters: Directed by Spielberg
Explore More
Trending Topics
Crossword
Harry Potter
Disney
Anime
Kpop
NBA
Marvel
Country
NFL
Soccer
WWE
Pokémon
Puzzle
The Office
Song
hide this ad
More By:
BmanOfTraz
Quiz
Plays
Rating
Category
Featured
Created
Forest Whitaker Movies
13,551
3.67
Movies
Mar 21, 2010
NBA Top 25 All Time (FG Attempts)
4,167
4.14
Sports
Mar 22, 2010
NL HR Leaders by Team 2000-2005
829
4.44
Sports
Apr 4, 2010
Mayweather Opponents Since 2000
748
5.00
Sports
Mar 23, 2010
2001-2002 Sacramento Kings Roster
547
3.33
Sports
Mar 21, 2010
Go to Creator's Profile
Score Distribution
Quiz Creator Spotlight
BmanOfTraz
Follow
Send a Message
Quizzes Created
-
Created Quiz Play Count
-
More By This Creator
Popular Quizzes Today
1
Find the US States - No Outlines Minefield
2
Colored Red Africa Blitz
3
Find the 'City' Movie
4
5x2 Blitz: Bands
5
The Countries of the World
6
Find the Countries of Europe - No Outlines Minefield
7
Find the US States
8
US States
More Movies Quizzes
Disney Anatomy
Published
Trending Quizzes
Colored Red Europe Blitz I
Colored Red Africa Blitz II
Colored Red Europe Blitz II
Colored Red Africa Blitz III
Even More Two Season TV Shows
Recently Updated
March Madness Men's Triple Doubles
pecheneg
How Do You Spell That?
pecheneg
Godzilla Movies
pecheneg
Grab Bag: 4-10 Letters
pecheneg
2024 March Madness Bracket
pecheneg
Famous TV Couples
Peacemaker
Champions League XIs: Real Madrid
pecheneg
Largest US Cities 1790-2010
pecheneg
Rides in Walt Disney World
pecheneg
Most Oscar Losses (Acting)
pecheneg
Trending Topics
Harry Potter
Anime
NBA
Crossword
Disney
Marvel
Kpop
NFL
WWE
Pokémon
Song
Country
Soccer
The Office
Puzzle
Your Account Isn't Verified!
In order to create a playlist on Sporcle, you need to verify the email address you used during registration. Go to your
Sporcle Settings
to finish the process.
Report this User
Report this user for behavior that violates our
Community Guidelines
.
Details:
Send Report
Go to the Sporcle.com Mobile Site →
Comments